000 004260000a22001810004500
003 MACL
005 20151018143642.0
008 151018b xxu||||| |||| 00| 0 eng d
040 _aMACL
_cMACL
041 _aEnglish
082 _a954
100 _aChandra, Bipan
_9594
245 _aFreedom Struggle
260 _bNatinoal Book Trust
_c1972
_aNew Delhi
350 _a5.50
650 _aHistory
_915886
942 _cBK
_k954
_2ddc
999 _c7414
_d7414